Catálogo

NORMAS Y PROCEDIMIENTOS DE AUDITORIA Y NORMAS PARA ATESTIGUAR (Registro nro. 31108)

Detalles MARC
000 -LEADER
fixed length control field 00931nam a2200205 a 4500
001 - CONTROL NUMBER
control field 31108
005 - DATE AND TIME OF LATEST TRANSACTION
control field 20180713234444.0
008 - FIXED-LENGTH DATA ELEMENTS--GENERAL INFORMATION
fixed length control field 140415s2008 mx 000 0 spa d
020 ## - INTERNATIONAL STANDARD BOOK NUMBER
International Standard Book Number 9789682453908
041 ## - LANGUAGE CODE
Language code of text/sound track or separate title spa
082 ## - DEWEY DECIMAL CLASSIFICATION NUMBER
Classification number 642.4
Item number SUT
100 1# - MAIN ENTRY--PERSONAL NAME
Personal name ANFECA
245 10 - TITLE STATEMENT
Title NORMAS Y PROCEDIMIENTOS DE AUDITORIA Y NORMAS PARA ATESTIGUAR
250 ## - EDITION STATEMENT
Edition statement REIMP. 2008
260 ## - PUBLICATION, DISTRIBUTION, ETC.
Place of publication, distribution, etc. MEXICO :
Name of publisher, distributor, etc. ANFECA,
Date of publication, distribution, etc. 2008, 2009
300 ## - PHYSICAL DESCRIPTION
Extent 207
Dimensions 11 x 4 x 17
520 ## - SUMMARY, ETC.
Summary, etc. LA PRESENTE EDICION INCLUYE LOS SIGUIENTES BOLETINES NUEVOS: BOLETIN 7040, EXAMEN Y APLICACION DE PROCEDIMIENTOS COVENIOS SOBRE EL CUMPLIMIENTO DE DISPOSICIONES ESPECCIFICAS, BOLETIN 7070 INFORME DEL CONTADOR PUBLICO SOBRE EL RESULTADO DE LA APLICACION DE PROCEIMIENTOD, ASI MISMO APARECE EL SIGUIENTE BOLETIN ACTUALIZADO, BOLETIN 4040 OTRAS OPINIONES DEL AUTOR.
650 14 - SUBJECT ADDED ENTRY--TOPICAL TERM
Topical term or geographic name entry element AUDITORIA
700 1# - ADDED ENTRY--PERSONAL NAME
Personal name COMISION DE NORMAS Y PROC. DE ADUDITORIA
Relator term pról.
Existencias
Withdrawn status Lost status Source of classification or shelving scheme Damaged status Not for loan Collection code Home library Current library Shelving location Date acquired Source of acquisition Total Checkouts Full call number Barcode Price effective from Koha item type
    Dewey Decimal Classification     General Tehuacán Tehuacán Sala general 03/12/2013 Compra   642.4 SUT 505759 03/12/2013 Libro